[Event "Aguadilla De Diego Cup 18th"]
[Site "Aguadilla"]
[Date "2021.04.16"]
[Round "1"]
[White "Maldonado Ocasio, Noel"]
[Black "Garcia Aguayo, Martin"]
[Result "0-1"]
[WhiteElo "1523"]
[BlackElo "1991"]
[PlyCount "34"]
[EventDate "2021.04.16"]
[EventType "swiss"]
[EventRounds "5"]
[EventCountry "PUR"]
[SourceTitle "EXT 2022"]
[Source "ChessBase"]
[SourceDate "2021.10.06"]
[SourceVersion "1"]
[SourceVersionDate "2021.10.06"]
[SourceQuality "1"]

1. b3 d5 2. Bb2 c5 3. e3 Nc6 4. Nf3 Nf6 5. h3 Qc7 6. Bb5 a6 7. Be2 e5 8. d3 Bd6 9. Nbd2 Bd7 10. Rc1 g5 11. Nh2 h5 12. f3 0-0-0 13. c4 Rh6 14. a3 e4 15. b4 Bxh2 16. b5 Qg3+ 17. Kf1 Bxh3 0-1